00750nam a2200217 i 4500003000900000005001700009007000300026008004100029020001800070040003000088082002300118100003400141245007300175264006400248300002900312336002700341337003400368338002800402500007100430504003100501DO-SdBNP20240612141029.0ta240612s2024 dr 000 j spa d a9789945938678 aDO-SdBNPbspacBNPHUerda 4aRD864.44bE74e222 aEscarramán, Víctoreautor10aEcos de la palabra :bun mosaico literario /cVíctor Escarramán  1aSanto Domingo :bEdiciones EGE,bEl gato ediciones, c2024. a294 páginas, c23 cm. 2rdacontentatextobtxt 2rdamediaasin mediación bn 2rdacarrieravolumenbnc aIncluye datos biografícos del autor en la solapa de la portada.  aBibliografía p: 287-293.